Ensayo de fonética general ó Análisis de los sonidos orales aplicables al lenguaje ... / (Record no. 163657)
[ view plain ]
| 000 -LEADER | |
|---|---|
| campo de control de longitud fija | 00753nam a22001815i 4500 |
| 001 - NÚMERO DE CONTROL | |
| campo de control | 163657 |
| 003 - IDENTIFICADOR DE NÚMERO DE CONTROL | |
| campo de control | ES-MaACL |
| 005 - FECHA Y HORA DE LA ÚLTIMA TRANSACCIÓN | |
| campo de control | 20230906212802.0 |
| 008 - DATOS DE LONGITUD FIJA--INFORMACIÓN GENERAL | |
| campo de control de longitud fija | 940301s1900 sp |||| | spa d |
| 040 ## - FUENTE DE CATALOGACIÓN | |
| Centro catalogador/agencia de origen | CLM |
| Lengua de catalogación | spa |
| 100 1# - ENTRADA PRINCIPAL--NOMBRE DE PERSONA | |
| Nombre de persona | Robles Rodríguez, Ramón. |
| 9 (RLIN) | 143195 |
| 245 10 - MENCIÓN DEL TÍTULO | |
| Título | Ensayo de fonética general ó Análisis de los sonidos orales aplicables al lenguaje ... / |
| Mención de responsabilidad, etc. | por R. Robles. |
| 260 ## - PUBLICACIÓN, DISTRIBUCIÓN, ETC. | |
| Lugar de publicación, distribución, etc. | Santiago : |
| Nombre del editor, distribuidor, etc. | [s.n.], |
| Fecha de publicación, distribución, etc. | 1900 ( |
| Fabricante | Imprenta de Jose M. Paredes) |
| 300 ## - DESCRIPCIÓN FÍSICA | |
| Extensión | [8], 263, [6] p. ; |
| Dimensiones | 17 cm. |
| 650 #4 - PUNTO DE ACCESO ADICIONAL DE MATERIA--TÉRMINO DE MATERIA | |
| Término de materia o nombre geográfico como elemento de entrada | Fonética. |
| 9 (RLIN) | 12922 |
| 740 01 - ENTRADA AGREGADA--TÍTULO RELACIONADO/ANALÍTICO NO CONTROLADO | |
| Título relacionado o analítico no controlado | Análisis de los sonidos orales aplicables al lenguaje. |
| 852 ## - LOCALIZACIÓN | |
| Ubicación | ES-MaACL |
| Número de control de estantería | B-4206 |
| Nota libre | -- Enc. hol. conservando la cub. original |
| -- | -- Dedic. ms. del autor al Ateneo de Madrid |
| Encuadernación | -- Edic.: Son 270 p. |
| Estatus retirado | Estado de pérdida | Estado de daño | No para préstamo | Colección | Biblioteca de origen | Biblioteca actual | Ubicación en estantería | Fecha de adquisición | Fuente de adquisición | Total de préstamos | Signatura topográfica completa | Código de barras | Visto por última vez | Precio de reemplazo | Tipo de ítem Koha |
|---|---|---|---|---|---|---|---|---|---|---|---|---|---|---|---|
| Libros del s. XIX | Biblioteca del Ateneo de Madrid | Biblioteca del Ateneo de Madrid | Sala Pardo Bazán | 17/01/2008 | B-4206 | 1171500 | 23/02/2023 | 23/02/2023 | Libro impreso antiguo |
